Азбука обратимости или что надо знать о конвертируемости валют

Bibliographic Details
Main Author: Борисов С. М. Станислав Михайлович
Summary:Исключено из фонда НТБ ТПУ
Language:Russian
Published: Москва, Финансы и статистика, 1991
Format: Book
KOHA link:https://koha.lib.tpu.ru/cgi-bin/koha/opac-detail.pl?biblionumber=17621

MARC

LEADER 00000nam0a2200000 4500
001 17621
005 20231030190949.0
010 |a 5279009407 
035 |a (RuTPU)RU\TPU\book\17766 
035 |a BOOK00002454 
090 |a 17621 
100 |a 20011209d1991 m y0rusy50 ca 
101 0 |a rus 
102 |a RU 
105 |a y z 000zy 
200 1 |a Азбука обратимости или что надо знать о конвертируемости валют  |f С. М. Борисов 
210 |a Москва  |c Финансы и статистика  |d 1991 
215 |a 80 с. 
333 |a Исключено из фонда НТБ ТПУ 
700 1 |a Борисов  |b С. М.  |g Станислав Михайлович 
801 0 |a RU  |b 63413507  |c 20011209  |g PSBO 
801 2 |a RU  |b 63413507  |c 20120515  |g PSBO 
942 |c BK